| 000 | 00582nam a2200193 a 4500 | ||
|---|---|---|---|
| 001 | 1771663883751 | ||
| 003 | YourLibrary | ||
| 005 | 20260221142343.0 | ||
| 008 | 260221s1996##################000#0#eng## | ||
| 020 | _a9781858983295 | ||
| 082 | 0 | 4 |
_a338.433621 _bCUL |
| 100 | 1 |
_a(Economics), British Association for the Advancement of Science. Section F, _eauthor. |
|
| 245 | 1 | 0 | _aReforming Health Care Systems : |
| 260 |
_bEdward Elgar Publishing, _c1996. |
||
| 300 | _a200 pages | ||
| 650 | 0 | _aBusiness & Economics. | |
| 942 | _cENGLISH | ||
| 040 |
_aYourLibrary _beng _cYourLibrary |
||
| 999 |
_c615091 _d615091 |
||